Europe elects its parliament
Uložené v:
| Médium: | Kniha |
|---|---|
| Jazyk: | English |
| Vydavateľské údaje: |
London
Policy Studies Institute
1980
|
| Edícia: | Studies in European politics
5 |
| Tagy: |
Žiadne tagy, Buďte prvý, kto otaguje tento záznam!
|
MARC
| LEADER | 00000nam a2200000 4500 | ||
|---|---|---|---|
| 001 | c142244 | ||
| 005 | 20181203150525.0 | ||
| 041 | 0 | |a eng | |
| 044 | |a GB | ||
| 245 | 1 | 0 | |a Europe elects its parliament |
| 264 | 1 | |a London |b Policy Studies Institute |c 1980 | |
| 300 | |a 69 s. | ||
| 490 | 1 | |a Studies in European politics |v 5 | |
| 830 | 0 | |a Studies in European politics |v 5 | |